[Event "CRO-chT1A 18th"]
[Site "Sibenik"]
[Date "2009.09.25"]
[Round "5"]
[White "Grachev, Boris V"]
[Black "Eljanov, Pavel"]
[Result "1/2-1/2"]
[WhiteElo "2684"]
[BlackElo "2717"]
[PlyCount "127"]
[EventDate "2009.09.21"]
[EventType "team-tourn"]
[EventRounds "9"]
[EventCountry "CRO"]
[SourceTitle "CBM 132 Extra"]
[Source "ChessBase"]
[SourceDate "2009.11.03"]
[SourceVersion "1"]
[SourceVersionDate "2009.11.03"]
[SourceQuality "1"]

1. d4 Nf6 2. Nf3 d5 3. c4 e6 4. e3 Bd6 5. Nbd2 O-O 6. Bd3 c5 7. O-O ({RR} 7. dxc5 Bxc5 8. O-O Nc6 9. a3 a6 10. b4 Ba7 11. Bb2 Qe7 12. cxd5 exd5 13. Rc1 Bg4 14. h3 Bh5 15. Qb3 Rad8 16. Rfe1 Rfe8 17. Bb1 Ne4 18. Nxe4 dxe4 19. Nd4 Nxd4 20. exd4 Bg6 21. Rcd1 Qh4 {Bokhodirov,A (2044)-Dubnevych,M (2350) chess.com INT 2026 ½-½ (87)}) 7... Nc6 8. b3 cxd4 $146 ({RR} 8... Re8 9. Bb2 Nb4 10. Qb1 Bb8 11. a3 Nxd3 12. Qxd3 Qc7 13. g3 {1-0 (13) Muheim,J (1190)-Colombo,M (1099) St Chely d'Aubrac 2008}) 9. exd4 e5 10. dxe5 Nxe5 11. Nxe5 Bxe5 12. Rb1 Bg4 13. Nf3 Bc7 14. h3 Bh5 15. Bg5 h6 16. Bxf6 Qxf6 17. g4 Bg6 18. Bxg6 fxg6 19. Qxd5+ Rf7 20. Nh2 Rd8 21. Qg2 Rd2 22. Rbd1 Rxa2 23. g5 Qxg5 24. Qxg5 hxg5 25. Ng4 Rb2 26. Rd3 Bb6 27. Kg2 Bc5 28. Rfd1 Bxf2 29. R1d2 Rxd2 30. Rxd2 Bc5 31. Ne5 Rf5 32. Rd8+ Kh7 33. Nf3 b6 34. Kg3 a5 35. Kg4 Rf4+ 36. Kg3 Rf5 37. Kg4 Be3 38. Re8 Bc1 39. Re1 Bf4 40. Re8 Bc1 41. Re1 Bf4 42. Re8 b5 43. cxb5 Rxb5 44. h4 Rb4 45. Nxg5+ Bxg5+ 46. Kxg5 Rxb3 47. Ra8 Ra3 48. Kg4 Ra1 49. Kf4 Ra4+ 50. Kg5 Ra2 51. Kg4 Ra1 52. Kf4 Rf1+ 53. Kg4 Rf5 54. Rb8 Rd5 55. Ra8 Rb5 56. Rc8 Rb1 57. Ra8 Rg1+ 58. Kf4 Ra1 59. Kg4 a4 60. Kg3 a3 61. Kg2 g5 62. hxg5 Kg6 63. Ra5 Kh5 64. Kg3 1/2-1/2

[Event "FIDE World Cup"]
[Site "Tbilisi"]
[Date "2017.09.08"]
[Round "2.3"]
[White "Rapport, Richard"]
[Black "Wei, Yi"]
[Result "1-0"]
[WhiteElo "2675"]
[BlackElo "2753"]
[PlyCount "128"]
[EventDate "2017.09.03"]
[EventType "k.o."]
[EventRounds "7"]
[EventCountry "GEO"]
[SourceTitle "CBM 181"]
[Source "ChessBase"]
[SourceDate "2017.11.10"]
[SourceVersion "1"]
[SourceVersionDate "2017.11.10"]
[SourceQuality "1"]

1. Nf3 Nf6 2. c4 e6 3. d4 d5 4. Bg5 h6 5. Bxf6 Qxf6 6. e3 c6 7. Bd3 g6 8. O-O Bg7 9. Nbd2 O-O 10. Rc1 Nd7 11. Re1 $146 ({RR} 11. e4 dxc4 12. Nxc4 c5 13. e5 Qd8 14. dxc5 Nxc5 15. Bb1 Nd7 16. Re1 b5 17. Nd6 Rb8 18. Qd2 Nb6 19. Nxb5 Qxd2 20. Nxd2 Bxe5 21. Rxe5 Nd7 22. Ree1 Rxb5 23. b3 Nf6 24. Rc7 Rb7 25. Rc5 Rd7 {Aravindh,C (2605)-Praggnanandhaa,R (2586) London 2019 ½-½ (59)}) 11... Qd8 12. Qb3 a5 13. e4 a4 14. Qa3 dxe4 15. Nxe4 e5 16. Nd6 exd4 17. c5 Nf6 18. Bc4 Nd5 19. Bxd5 cxd5 20. b4 b6 21. Red1 Bg4 22. h3 Bxf3 23. Qxf3 bxc5 24. bxc5 Qg5 25. g3 Be5 26. h4 Qf6 27. Qxf6 Bxf6 28. c6 Be5 29. Nb5 Ra5 30. c7 Rxb5 31. c8=Q Rxc8 32. Rxc8+ Kg7 33. Ra8 Rb4 34. Ra5 Bc7 35. Rxd5 Rb2 36. R5xd4 Rxa2 37. R4d2 Ra3 38. Rd3 Rxd3 39. Rxd3 h5 40. Ra3 Bd6 41. Rxa4 Bc5 42. Kg2 Bb6 43. Ra2 Bd4 44. Kf3 f5 45. Rd2 Be5 46. Rd5 Kf6 47. Ra5 Ke6 48. Ra6+ Kf7 49. Ke3 Bc3 50. f4 Bf6 51. Kd3 Bb2 52. Kc4 Bf6 53. Rc6 Bb2 54. Kd5 Kg7 55. Ke6 Bd4 56. Rc7+ Kg8 57. Rd7 Bc3 58. Rd3 Bb2 59. g4 hxg4 60. h5 Kg7 61. Rd7+ Kh6 62. hxg6 Kxg6 63. Rf7 Bc1 64. Rxf5 Kh6 1-0

[Event "EU-ch 13th"]
[Site "Plovdiv"]
[Date "2012.03.29"]
[Round "9"]
[White "Fressinet, Laurent"]
[Black "Korobov, Anton"]
[Result "1-0"]
[WhiteElo "2693"]
[BlackElo "2679"]
[PlyCount "128"]
[EventDate "2012.03.20"]
[EventType "swiss"]
[EventRounds "11"]
[EventCountry "BUL"]
[SourceTitle "CBM 148"]
[Source "ChessBase"]
[SourceDate "2012.05.16"]
[SourceVersion "1"]
[SourceVersionDate "2012.05.16"]
[SourceQuality "1"]

1. d4 d5 ({RR} 1... Nf6 2. Nf3 d5 3. c4 e6 4. e3 {½-½ (9) Rashkovsky,N (2530)-Blatny,P (2510) Gausdal 1993}) 2. c4 c6 3. Nf3 Nf6 4. e3 e6 5. Bd3 Nbd7 6. O-O dxc4 7. Bxc4 b5 8. Bd3 Bb7 9. a4 b4 10. Nbd2 c5 11. Qe2 Be7 12. Rd1 $146 ({RR} 12. e4 cxd4 13. Nxd4 Ne5 14. Bb5+ Kf8 15. N4f3 a6 16. Nxe5 axb5 {0-1 (16) Lewis,J (2103)-Mateus Urbano,L (2283) Barcelona 2015}) 12... O-O 13. a5 Rc8 14. Nc4 cxd4 15. exd4 Nd5 16. a6 Ba8 17. Nfe5 N7f6 18. Bg5 h6 19. Bd2 Nb6 20. Nxb6 Qxb6 21. Be3 Bd5 22. Rac1 b3 23. h3 Rfd8 24. Qf1 Bd6 25. Bb1 Qb8 26. Rxc8 Rxc8 27. Rc1 Rc7 28. Nc4 Bxc4 29. Rxc4 Nd5 30. Bd2 Bh2+ 31. Kh1 Bf4 32. Bxf4 Nxf4 33. Rc5 Rxc5 34. dxc5 Qe5 35. Qc1 Ne2 36. Qd1 Nd4 37. Qc1 Qd5 38. Qc3 e5 39. Bd3 Kf8 40. Qb4 Nc6 41. Qb5 g5 42. Bc4 Qe4 43. f3 Qe1+ 44. Kh2 g4 45. fxg4 Qe4 46. Qxb3 Qf4+ 47. Kg1 Qc1+ 48. Kh2 Qf4+ 49. Kg1 Qc1+ 50. Bf1 Qxc5+ 51. Kh1 e4 52. Qb5 Qc1 53. Qc4 Qd1 54. Kh2 Qd6+ 55. Kh1 Qd1 56. Qc5+ Kg8 57. Kg1 Nd4 58. Qe5 Nb3 59. Qb8+ Kg7 60. Qxa7 Nd2 61. Qd4+ Kg8 62. Qf6 e3 63. a7 Qa1 64. Qa6 Qe1 1-0

[Event "POL-chT"]
[Site "Poland"]
[Date "2017.09.29"]
[Round "4.1"]
[White "Wojtaszek, Radoslaw"]
[Black "Bartel, Mateusz"]
[Result "1/2-1/2"]
[WhiteElo "2734"]
[BlackElo "2637"]
[PlyCount "125"]
[EventDate "2017.05.05"]
[EventType "team-tourn"]
[EventRounds "9"]
[EventCountry "POL"]
[SourceTitle "EXT 2018"]
[Source "ChessBase"]
[SourceDate "2017.10.13"]
[SourceVersion "1"]
[SourceVersionDate "2017.10.13"]
[SourceQuality "1"]
[WhiteTeam "Katowice Wasko"]
[BlackTeam "Wroclaw Polonia"]
[WhiteTeamCountry "POL"]
[BlackTeamCountry "POL"]

1. d4 d5 2. c4 e6 3. Nf3 a6 4. Bg5 Be7 5. Bxe7 Qxe7 6. e3 Nf6 7. Nbd2 Nbd7 8. Rc1 c6 9. Bd3 O-O 10. Qc2 e5 11. cxd5 cxd5 12. dxe5 Nxe5 13. Nxe5 Qxe5 14. Nf3 Qh5 15. O-O Bh3 16. Qc7 $146 ({RR} 16. Nd4 Rac8 17. Qd2 Bd7 18. Qb4 Ng4 19. Qd6 Qe5 20. Qxe5 Nxe5 21. Bf5 g6 22. Bxd7 Nxd7 23. Nb3 Rc4 24. Nd2 Ra4 25. Rc7 Ne5 26. Ra1 Rb4 27. b3 Rd8 28. Rd1 Nc6 29. Nf3 d4 30. exd4 Nxd4 {Perkampus,L (2143)-Basha,L (1947) Prishtina KOS 2025 ½-½ (53)}) 16... Rac8 17. Qf4 Qg4 18. Qxg4 Bxg4 19. Nd4 Rxc1 20. Rxc1 Rc8 21. Re1 Kf8 22. f3 Bd7 23. g4 h6 24. Kf2 Ne8 25. Rd1 Nd6 26. Ne2 Be6 27. Nc3 Ke7 28. Be2 Rc5 29. Rd4 f5 30. h3 Kf6 31. Bd3 g5 32. a4 a5 33. Bb1 Ke5 34. Ne2 b5 35. b3 Bd7 36. axb5 Nxb5 37. Rd1 Kf6 38. Bd3 Nd6 39. Ra1 Ke5 40. Ke1 Ne8 41. Kd2 Ng7 42. b4 axb4 43. Ra7 Kd6 44. Nd4 fxg4 45. hxg4 h5 46. Ra6+ Ke7 47. Rg6 Kf7 48. gxh5 Nxh5 49. Rxg5 Nf6 50. e4 Nh7 51. Re5 Nf6 52. Rg5 Nh7 53. Rxd5 Rxd5 54. Bc4 Nf6 55. exd5 Ba4 56. Ne6 Nd7 57. Ng5+ Ke7 58. Ne4 Nb6 59. Kd3 b3 60. d6+ Kd7 61. Bxb3 Bxb3 62. Nc5+ Kxd6 63. Nxb3 1/2-1/2

[Event "Remco Heite 3rd"]
[Site "Wolvega"]
[Date "2010.11.28"]
[Round "5"]
[White "Macieja, Bartlomiej"]
[Black "Nielsen, Peter Heine"]
[Result "1-0"]
[WhiteElo "2636"]
[BlackElo "2670"]
[PlyCount "123"]
[EventDate "2010.11.26"]
[EventType "tourn"]
[EventRounds "5"]
[EventCountry "NED"]
[EventCategory "17"]
[SourceTitle "CBM 140"]
[Source "ChessBase"]
[SourceDate "2011.01.18"]
[SourceVersion "1"]
[SourceVersionDate "2011.01.18"]
[SourceQuality "1"]

1. c4 e6 2. g3 d5 3. Bg2 Nf6 4. Nf3 dxc4 5. Qa4+ c6 6. Qxc4 b5 7. Qb3 Bb7 8. d4 Nbd7 9. Bg5 Be7 10. O-O a6 11. Ne5 Nxe5 12. dxe5 Nd7 13. Bxe7 Qxe7 14. Qe3 $146 ({RR} 14. Qc3 O-O 15. Nd2 Rfb8 16. Rac1 c5 17. Bxb7 Rxb7 18. Ne4 Rc7 19. Rfd1 c4 20. Nd6 Rc5 21. Qf3 Rf8 22. Qa3 Rxe5 23. Nxb5 Qxa3 24. Nxa3 Nb6 25. Rd6 Nd5 26. Nxc4 Rxe2 27. Kf1 Re4 28. Rxa6 g5 {Zueger,B (2424)-Kohlweyer,B (2445) Geneve 1999 ½-½ (39)}) 14... O-O 15. Rc1 Rfd8 16. f4 Rab8 17. Bxc6 Bxc6 18. Rxc6 Nb6 19. Na3 Nd5 20. Qc5 Qxc5+ 21. Rxc5 Rbc8 22. Rac1 Rxc5 23. Rxc5 Nb4 24. Nc2 Nxa2 25. Kf2 g6 26. Ke1 b4 27. Na1 b3 28. Nxb3 Rb8 29. Ra5 Rxb3 30. Rxa2 Kg7 31. Kd2 h5 32. Kc2 Re3 33. Kd1 Rb3 34. Kc1 Re3 35. Kd2 Rb3 36. Kc2 Re3 37. b4 g5 38. fxg5 Rxe5 39. Kc3 Kg6 40. Rxa6 Rxe2 41. b5 h4 42. b6 hxg3 43. hxg3 Re1 44. Ra2 Rc1+ 45. Rc2 Rb1 46. Rb2 Rc1+ 47. Kd4 Rc8 48. b7 Rb8 49. Rb5 Kh5 50. Ke3 Kg4 51. Ke4 Kh5 52. Kf4 Kg6 53. g4 e5+ 54. Kxe5 Kxg5 55. Rb4 f6+ 56. Ke6 Re8+ 57. Kd7 Rh8 58. b8=Q Rxb8 59. Rxb8 Kxg4 60. Ke6 f5 61. Rg8+ Kf4 62. Rf8 1-0

[Event "Titled Tue 23rd Sep 2025"]
[Site "chess.com INT"]
[Date "2025.09.23"]
[Round "9"]
[White "Carlsen, M."]
[Black "Bluebaum, M."]
[Result "1/2-1/2"]
[WhiteElo "2839"]
[BlackElo "2671"]
[PlyCount "123"]
[EventDate "2025.09.23"]

1. d4 d5 2. c4 e6 3. cxd5 exd5 4. Nc3 Bb4 5. a3 Bxc3+ 6. bxc3 Nf6 7. e3 Bf5 8. f3 O-O 9. Ne2 Nc6 10. Ng3 Bg6 11. Bd3 Re8 12. O-O Na5 13. Ra2 c5 14. Re2 Qb6 $146 ({RR} 14... Rc8 15. Bxg6 hxg6 16. e4 cxd4 17. cxd4 Rc4 18. e5 Nd7 19. f4 Nc6 20. Be3 Qh4 21. Rc2 Nb6 22. Ne2 Qg4 23. Rxc4 Nxc4 24. Bc1 b5 25. f5 gxf5 26. Rf4 Qh5 27. Qf1 Ne7 28. Ng3 Qg6 29. Nxf5 {Zheng,R (1908)-Soo,K (2289) Melbourne AUS 2026 ½-½ (42)}) 15. Rb2 Qc7 16. Re2 Qb6 17. Kh1 Rac8 18. Bxg6 hxg6 19. e4 cxd4 20. cxd4 Qb3 21. Qe1 Qb5 22. e5 Nh5 23. Nxh5 Rxc1 24. Qxc1 Qxe2 25. Nf4 Qc4 26. Qd1 Nb3 27. Ne2 Rc8 28. g4 Qc2 29. Nf4 Qc4 30. e6 Nxd4 31. exf7+ Kxf7 32. Qb1 Kg8 33. Nxg6 Re8 34. Re1 Rxe1+ 35. Qxe1 Nxf3 36. Qe8+ Kh7 37. Nf8+ Kg8 38. Nd7+ Kh7 39. Qh5+ Kg8 40. Qe8+ Kh7 41. Nf6+ gxf6 42. Qf7+ Kh8 43. Qf8+ Kh7 44. Qf7+ Kh8 45. Qxf6+ Kg8 46. Qxf3 Qe4 47. Kg2 b5 48. Qxe4 dxe4 49. Kf2 a5 50. Ke3 a4 51. Kxe4 b4 52. Kd3 b3 53. h4 Kg7 54. Kc3 Kg6 55. Kd2 Kh6 56. Kd3 Kg6 57. h5+ Kg5 58. Kc3 Kh6 59. Kb2 Kg5 60. Kc3 Kh6 61. Kb2 Kg5 62. Kc3 1/2-1/2

[Event "SCO National Chess Online"]
[Site "chess.com INT"]
[Date "2022.11.19"]
[Round "3"]
[White "Sargsyan, Shant"]
[Black "Can, E."]
[Result "1-0"]
[WhiteElo "2645"]
[BlackElo "2600"]
[PlyCount "117"]
[EventDate "2022.11.19"]
[WhiteTeam "Armenia"]
[BlackTeam "Turkey"]
[WhiteTeamCountry "ARM"]
[BlackTeamCountry "TUR"]

1. d4 d5 2. c4 e6 3. Nf3 Nf6 4. cxd5 exd5 5. Nc3 Bb4 6. Bg5 h6 7. Bh4 g5 8. Bg3 Ne4 9. Nd2 Nxg3 10. hxg3 c6 11. Qc2 Be6 12. O-O-O Nd7 13. e3 Qe7 14. Bd3 O-O-O 15. a3 Bxc3 16. Qxc3 Kb8 17. Nb3 h5 18. Na5 Nf6 $146 ({RR} 18... Nb6 19. Kb1 Rc8 20. Rc1 Qd6 21. Qb3 f5 22. a4 Rc7 23. Rc5 Ka8 24. Rhc1 Nd7 25. R5c2 Nb8 26. Qc3 b6 27. Nb3 h4 28. gxh4 Rxh4 29. a5 Bc8 30. Ka2 f4 31. e4 dxe4 32. Bxe4 Be6 33. axb6 {Cattaneo,M (2251)-Karttunen,M (2490) chess.com INT 2023 1-0 (65)}) 19. Kb1 Rc8 20. f3 Qd6 21. Qb4 Qxb4 22. axb4 h4 23. g4 Ne8 24. Nb3 Nd6 25. Nc5 Rce8 26. Kc2 Bc8 27. Kd2 b6 28. Na4 f5 29. gxf5 Bxf5 30. b3 Re7 31. Nc3 Rhe8 32. Rde1 Kb7 33. b5 Bxd3 34. bxc6+ Kxc6 35. Kxd3 Nb5 36. Re2 Nxc3 37. Rc1 Kd6 38. Rxc3 h3 39. gxh3 Rf7 40. Rf2 Rh8 41. Rfc2 Rxh3 42. Rc6+ Ke7 43. Rc7+ Kf8 44. Rc8+ Kg7 45. Rg2 Kf6 46. Rc6+ Ke7 47. Rc7+ Ke6 48. Rxf7 Kxf7 49. Rxg5 Ke6 50. Rg6+ Kd7 51. f4 Rh7 52. b4 Kc7 53. b5 Kd7 54. f5 Ke7 55. f6+ Ke6 56. Rg7 Rh6 57. Rxa7 Rxf6 58. Rc7 Kf5 59. Rc6 1-0

[Event "23rd Dubai Open 2023"]
[Site "Dubai UAE"]
[Date "2023.06.03"]
[Round "8.1"]
[White "Yu Yangyi"]
[Black "Erigaisi, Arjun"]
[Result "0-1"]
[WhiteElo "2729"]
[BlackElo "2701"]
[PlyCount "116"]
[EventDate "2023.05.27"]

1. d4 d5 2. c4 e6 3. Nf3 Nf6 4. g3 dxc4 5. Qa4+ Nbd7 6. Qxc4 a6 7. Bg2 b5 8. Qb3 Bb7 9. a4 c5 10. axb5 c4 11. Qd1 axb5 12. Rxa8 Qxa8 13. O-O Qa1 $146 ({RR} 13... Be7 14. Bg5 O-O 15. Nbd2 Qa2 16. Qb1 Ra8 17. Bxf6 Qxb1 18. Rxb1 gxf6 19. Ne1 Bxg2 20. Kxg2 f5 21. e3 Ra2 22. Ndf3 Nb6 23. Ne5 Na4 24. Nc6 Bf8 25. b4 Nc3 26. Rc1 Ne4 27. Rc2 Ra6 28. Nb8 {Negrean,A (1955)-Nastore,P (2218) Sebes ROU 2023 0-1 (58)}) 14. Nfd2 Bxg2 15. Kxg2 Bb4 16. Qc2 O-O 17. Nc3 Qa6 18. Nf3 Qb7 19. Bg5 Ra8 20. Rb1 Bf8 21. b3 cxb3 22. Rxb3 b4 23. Bxf6 Nxf6 24. Nb1 Rc8 25. Qd3 g5 26. h3 h5 27. d5 g4 28. hxg4 hxg4 29. Ne5 Nxd5 30. e4 Nf6 31. Nd2 Rc1 32. Qe3 Rc5 33. Nd3 Rb5 34. Kg1 Qb6 35. Qe2 Qd4 36. e5 Nd7 37. Ne4 Nxe5 38. Nxe5 Qxe5 39. Qxg4+ Bg7 40. Qf3 Rb8 41. Kg2 f5 42. Ng5 Qd5 43. Kf1 Qxf3 44. Nxf3 Bc3 45. Ng5 e5 46. g4 fxg4 47. Ne4 Bd4 48. Ke2 Kf7 49. Kd3 Ke6 50. Kc4 Rc8+ 51. Kd3 Bc3 52. Rb1 Rd8+ 53. Ke3 Bd4+ 54. Ke2 Rb8 55. Rb3 Kd5 56. Nd2 Rf8 57. f3 g3 58. Kf1 Bc3 0-1

[Event "FIDE World Cup 2023"]
[Site "Baku AZE"]
[Date "2023.08.04"]
[Round "2.6"]
[White "Ponomariov, R."]
[Black "Kollars, Dmitrij"]
[Result "1/2-1/2"]
[WhiteElo "2664"]
[BlackElo "2618"]
[PlyCount "116"]
[EventDate "2023.07.30"]
[EventType "k.o."]

1. d4 d5 2. c4 e6 3. Nf3 Nf6 4. g3 Bb4+ 5. Bd2 a5 6. Bg2 O-O 7. Qc1 Be7 8. O-O c6 9. Bf4 b6 10. cxd5 cxd5 11. Bc7 Qe8 12. Bxb6 Qb5 13. Bc5 Bxc5 14. Qxc5 $146 ({RR} 14. dxc5 Qxe2 15. Nc3 Qa6 16. b3 Nc6 17. Qf4 Rb8 18. Rfc1 Rb4 19. Qd2 Qa7 20. Rab1 Ba6 21. a3 Rb7 22. Nd4 Nxd4 23. Qxd4 Rfb8 24. b4 Bc4 25. Nd1 axb4 26. Rxc4 dxc4 27. Bxb7 bxa3 28. Be4 Nxe4 {Ashraf,A (2399)-Zakhartsov,V (2504) Moscow RUS 2024 ½-½ (50)}) 14... Qxe2 15. Nc3 Qa6 16. Rfc1 Nbd7 17. Qa3 Nb6 18. Bf1 Nc4 19. Qc5 Bd7 20. Ne5 Rac8 21. Qe7 Qb7 22. Nxd7 Nxd7 23. b3 Rfe8 24. Qg5 Nd6 25. Qf4 Ne4 26. Nxe4 dxe4 27. Qd2 Qb6 28. Rc4 Rcd8 29. Qe3 Nf6 30. Rac1 Rd6 31. Bg2 Red8 32. Bxe4 g6 33. Bf3 Rxd4 34. Rxd4 Rxd4 35. Rc4 Rd6 36. Qxb6 Rxb6 37. Rc5 a4 38. bxa4 Rb2 39. a3 Rb3 40. Kg2 Rxa3 41. a5 Kg7 42. Bb7 Ra2 43. h3 Nd7 44. Rb5 Kf6 45. a6 Ne5 46. Rb3 g5 47. Kf1 Nd7 48. Bc8 Nc5 49. Rb6 Nd3 50. Rb3 Nc5 51. Rb6 Ne4 52. Bb7 Nc5 53. Rc6 Nd3 54. f3 h5 55. Rc4 Ke5 56. Re4+ Kf6 57. Rc4 Ke5 58. Re4+ Kf6 1/2-1/2

[Event "chess.com SpeedChess 2022"]
[Site "chess.com INT"]
[Date "2022.12.12"]
[Round "2.15"]
[White "Nakamura, Hi"]
[Black "Aronian, L."]
[Result "1-0"]
[WhiteElo "2768"]
[BlackElo "2735"]
[PlyCount "107"]
[EventDate "2022.11.23"]
[EventType "k.o."]

1. d4 d5 2. Nf3 Nf6 3. e3 c5 4. dxc5 e6 5. c4 Bxc5 6. a3 O-O 7. b4 Be7 8. Bb2 dxc4 9. Qxd8 Rxd8 10. Bxc4 b6 11. Ke2 Bb7 12. Nbd2 Nbd7 13. Rhc1 $146 ({RR} 13. Rhd1 a5 14. bxa5 Rxa5 15. a4 Bc6 16. Bb3 Nc5 17. Nd4 Bxa4 18. Bxa4 Nxa4 19. Rab1 Nd5 {0-1 (19) Sorensen,T (2320)-Nielsen,P (2440) Aalborg 1993}) 13... Ne8 14. Nb3 Nd6 15. Bd3 f6 16. Nfd4 Ne5 17. Nxe6 Nxd3 18. Kxd3 Rd7 19. Ke2 Ba6+ 20. Ke1 Nc4 21. Bc3 Kf7 22. Nf4 Rc8 23. a4 Bb7 24. Kf1 Rdc7 25. Be1 Be4 26. Kg1 Ne5 27. Rxc7 Rxc7 28. Nd4 g5 29. Nfe2 Nd3 30. b5 Nxe1 31. Rxe1 Bb4 32. Ra1 Bd3 33. h4 gxh4 34. Nf4 Be4 35. Rd1 Bc5 36. Nde6 Re7 37. Nxc5 bxc5 38. f3 Bc2 39. Rc1 Bxa4 40. Rxc5 Rxe3 41. Kf2 Re7 42. Rh5 Kg7 43. Ne2 Re5 44. Rxh4 Bxb5 45. Nc3 Bd7 46. Rc4 Kf7 47. Rc7 Ke7 48. Rxa7 f5 49. Ne2 Kd6 50. Ra6+ Bc6 51. Nd4 Rc5 52. Ke3 Rc3+ 53. Kf4 Rc4 54. Rxc6+ 1-0

[Event "TCh-POL Ekstraliga 2023"]
[Site "Lublin POL"]
[Date "2023.09.20"]
[Round "3.1"]
[White "Abasov, N."]
[Black "Andersen, Mad"]
[Result "1-0"]
[WhiteElo "2677"]
[BlackElo "2614"]
[PlyCount "107"]
[EventDate "2023.09.18"]
[WhiteTeam "5KS Gwiazda Bydgoszcz"]
[BlackTeam "KSz Miedz Legnica"]

1. d4 d5 2. c4 e6 3. Nf3 c5 4. cxd5 exd5 5. Bg5 Nf6 6. Nc3 Be6 7. g3 Nc6 8. Bg2 h6 9. Bxf6 Qxf6 10. O-O O-O-O 11. Qa4 Kb8 12. Rad1 a6 13. dxc5 Bxc5 14. Ne1 Bd4 15. Nd3 Rd7 16. Rc1 Rc8 $146 ({RR} 16... Rhd8 17. Nf4 g5 18. Nxe6 fxe6 19. e3 Ba7 20. b4 Ne5 21. b5 Rd6 22. bxa6 Rxa6 23. Qb5 Rb6 24. Qe2 Nc4 25. Ne4 Qe5 26. Rxc4 dxc4 27. Qxc4 Rc8 28. Qd3 Rbc6 29. Qb1 Rb6 30. Qd3 Rbc6 31. Qb1 {Gorshtein,I (2512)-Andersen,M (2606) Fagernes NOR 2023 ½-½ (31)}) 17. Nf4 Qe5 18. Rfd1 Rcd8 19. e3 Ba7 20. Nce2 Rd6 21. b4 Ne7 22. Nd3 Qf6 23. Nc5 Bg4 24. Rd2 Bxe2 25. Rxe2 Rc6 26. Rec2 Qe5 27. b5 Rxc5 28. Rxc5 Bxc5 29. Rxc5 b6 30. Rc1 a5 31. Rd1 f5 32. Qh4 Rc8 33. a4 Rc4 34. Qh5 Qe6 35. h3 Rc5 36. Rd4 Ng8 37. Bf3 g6 38. Qh4 Qd6 39. g4 g5 40. Qh5 fxg4 41. hxg4 Qe6 42. e4 Ne7 43. exd5 Qe1+ 44. Kg2 Rc2 45. Qe8+ Ka7 46. Qd7+ Kb8 47. Qd6+ Ka7 48. Rd2 Qxd2 49. Qxe7+ Kb8 50. Qf8+ Ka7 51. Be4 Qe2 52. Qe7+ Kb8 53. Qd6+ Kb7 54. Bxc2 1-0

[Event "Sofia MTel Masters 5th"]
[Site "Sofia"]
[Date "2009.05.15"]
[Round "3"]
[White "Carlsen, Magnus"]
[Black "Ivanchuk, Vassily"]
[Result "1/2-1/2"]
[WhiteElo "2770"]
[BlackElo "2746"]
[PlyCount "107"]
[EventDate "2009.05.13"]
[EventType "tourn"]
[EventRounds "10"]
[EventCountry "BUL"]
[EventCategory "21"]
[SourceTitle "CBM 131"]
[Source "ChessBase"]
[SourceDate "2009.07.15"]
[SourceVersion "1"]
[SourceVersionDate "2009.07.15"]
[SourceQuality "1"]

1. d4 d5 2. c4 c6 3. Nf3 e6 4. Qc2 Nf6 5. Nbd2 dxc4 6. Nxc4 c5 7. dxc5 Bxc5 8. g3 b5 9. Nce5 Qc7 10. Qb3 a6 11. Bg2 Bb7 12. O-O $146 ({RR} 12. Nd3 Bd6 13. Bf4 Bxf4 14. gxf4 Nd5 15. Rc1 Qa5+ 16. Nd2 O-O 17. Qa3 Qb6 18. Qc5 Qa5 19. Qa3 Qb6 20. Qc5 Qa5 21. Qa3 {½-½ (21) Heinatz,G (2205)-Zimina,O (2338) Porto Carras 2011}) 12... Bd5 13. Qc3 Ne4 14. Qe1 O-O 15. Nd3 Bb6 16. Bf4 Qe7 17. Nd2 Nf6 18. e4 Bb7 19. Be3 Nbd7 20. Nb3 Rac8 21. f3 Rfd8 22. Rd1 Ne8 23. Bxb6 Nxb6 24. Qb4 Qc7 25. Qc5 Nc4 26. Qf2 Nf6 27. Nbc5 Nd7 28. b3 Nce5 29. Rc1 Nxd3 30. Nxd3 Qd6 31. Qe3 b4 32. Rfd1 Rxc1 33. Rxc1 a5 34. Bf1 Ba6 35. Nc5 Nxc5 36. Qxc5 h6 37. Qxd6 Rxd6 38. Bxa6 Rxa6 39. Kf2 a4 40. Rc4 axb3 41. axb3 Ra2+ 42. Kg1 Ra1+ 43. Kg2 Ra2+ 44. Kh3 Rf2 45. f4 f5 46. Rxb4 g5 47. fxg5 hxg5 48. exf5 exf5 49. g4 Rf3+ 50. Kg2 fxg4 51. h4 Kh7 52. hxg5 Kg6 53. Rxg4 Rxb3 54. Rg3 1/2-1/2

[Event "Clash of Claims 2024"]
[Site "Madrid ESP"]
[Date "2024.06.09"]
[Round "21"]
[White "Kramnik, V."]
[Black "Martinez Alcantara, Jose Eduardo"]
[Result "0-1"]
[WhiteElo "2753"]
[BlackElo "2612"]
[PlyCount "104"]
[EventDate "2024.06.07"]

1. d4 d5 2. c4 e6 3. Nf3 Nf6 4. g3 Bb4+ 5. Bd2 a5 6. Bg2 O-O 7. Qc2 Be7 8. O-O Nbd7 9. Bf4 c6 10. Rd1 Nh5 11. Bc1 Nhf6 12. Nbd2 b6 13. e4 Bb7 14. e5 Ne8 15. cxd5 $146 ({RR} 15. b3 Nc7 16. Bb2 Qb8 17. Rac1 Rc8 18. h4 h6 19. Qb1 a4 20. Nf1 axb3 21. axb3 c5 22. Ne3 b5 23. dxc5 Bxc5 24. Bd4 Bxd4 25. Rxd4 Qa7 26. Rd2 Rab8 27. c5 Nxc5 28. Rdc2 N7a6 29. b4 Ne4 {Chandran,K (2393)-Yang,D (2488) Toronto 2018 ½-½ (47)}) 15... cxd5 16. Nf1 Qc7 17. Qxc7 Nxc7 18. Ne3 Rfc8 19. Bd2 Nb8 20. Bf1 Ba6 21. Rdc1 Bxf1 22. Kxf1 Kf8 23. Ke2 Ke8 24. h4 Kd7 25. h5 h6 26. Kd3 Nc6 27. a3 a4 28. Rc2 Rab8 29. Rac1 Na8 30. g4 b5 31. g5 hxg5 32. Ng4 b4 33. axb4 Nxb4+ 34. Bxb4 Rxc2 35. Kxc2 Rxb4 36. h6 gxh6 37. Nxh6 Nb6 38. Ng4 Nc4 39. Rb1 Na5 40. Rh1 Nc4 41. Rb1 Rb3 42. Ne1 Na5 43. Rd1 Nc6 44. Ne3 Bd8 45. Nf3 Bb6 46. Nxg5 Bxd4 47. Nxf7 Rxb2+ 48. Kc1 a3 49. Nc2 a2 50. Na1 Rb1+ 51. Kd2 Rxd1+ 52. Kxd1 Bxa1 0-1

[Event "Titled Tue 27th Feb Late"]
[Site "chess.com INT"]
[Date "2024.02.27"]
[Round "8"]
[White "Nihal, Sarin"]
[Black "Bluebaum, M."]
[Result "1/2-1/2"]
[WhiteElo "2693"]
[BlackElo "2658"]
[PlyCount "103"]
[EventDate "2024.02.27"]

1. d4 d5 2. c4 e6 3. Nf3 Nf6 4. g3 Nc6 5. Bg2 Bd6 6. O-O O-O 7. Nbd2 a5 8. a3 a4 9. Qc2 Bd7 10. e4 dxe4 11. Nxe4 Nxe4 12. Qxe4 Na5 13. Ng5 $146 ({RR} 13. Qc2 Nb3 14. Rb1 Bc6 15. Be3 Qf6 16. Ng5 Qg6 17. Qxg6 hxg6 18. Rbd1 Bxg2 19. Kxg2 Be7 20. Ne4 Rfd8 21. Rd3 Rab8 22. Rfd1 c6 23. Nc3 b5 24. cxb5 cxb5 25. d5 exd5 26. Rxd5 Rxd5 27. Rxd5 Bf6 {Wirig,A (2427)-Bluebaum,M (2654) chess.com INT 2024 0-1 (48)}) 13... f5 14. Qe2 Nb3 15. c5 Nxd4 16. Qh5 h6 17. cxd6 Bb5 18. dxc7 Qxc7 19. Be3 Ne2+ 20. Kh1 hxg5 21. Qxg5 Bc6 22. f3 f4 23. gxf4 Nxf4 24. Bxf4 Qxf4 25. Qg3 Rad8 26. Rf2 Rd3 27. Kg1 Rf6 28. Re1 Qxg3 29. hxg3 Bxf3 30. Bf1 Rd4 31. Bh3 Bd5 32. Rxf6 gxf6 33. Bxe6+ Bxe6 34. Rxe6 Rd1+ 35. Kf2 Rd2+ 36. Re2 Rd6 37. Re4 Rd2+ 38. Re2 Rd6 39. Ke3 Rb6 40. Kd4 Kf7 41. g4 Rb3 42. Kc4 b5+ 43. Kc5 Kg6 44. Rf2 Kg5 45. Rf5+ Kxg4 46. Rxf6 Rxb2 47. Rb6 Rb3 48. Rxb5 Rxa3 49. Kb4 Ra1 50. Ra5 a3 51. Rxa3 Rxa3 52. Kxa3 1/2-1/2

[Event "FIDE World Cup"]
[Site "Khanty-Mansiysk"]
[Date "2009.11.23"]
[Round "1.12"]
[White "Akobian, Varuzhan"]
[Black "Tregubov, Pavel V"]
[Result "1-0"]
[WhiteElo "2624"]
[BlackElo "2642"]
[PlyCount "103"]
[EventDate "2009.11.21"]
[EventType "k.o."]
[EventRounds "7"]
[EventCountry "RUS"]
[SourceTitle "CBM 134"]
[Source "ChessBase"]
[SourceDate "2010.01.18"]
[SourceVersion "1"]
[SourceVersionDate "2010.01.18"]
[SourceQuality "1"]

1. d4 d5 2. c4 e6 3. Nf3 c6 4. Nbd2 Nf6 5. g3 c5 6. cxd5 exd5 7. Bg2 Nbd7 8. dxc5 Nxc5 9. O-O Be7 10. b3 O-O 11. Bb2 Bf5 $146 ({RR} 11... Re8 12. Rc1 Bf8 13. Nd4 Bg4 14. N2f3 Rc8 15. Rc2 Qb6 16. Qa1 Nce4 17. Rfc1 Rxc2 18. Rxc2 Bc5 19. e3 h6 20. Qc1 a6 21. h3 Bd7 22. Nd2 Bd6 23. N2f3 Nc5 24. Qd1 Nce4 25. g4 Bb8 26. Nf5 {Akobian,V (2624)-Tregubov,P (2642) Khanty-Mansiysk 2009 0-1 (44)}) 12. Nd4 Bg6 13. Rc1 a6 14. N2f3 Be4 15. Bh3 Re8 16. Nd2 Bg6 17. Nf5 Bf8 18. Nf3 Ne6 19. N5h4 Bh5 20. Bxf6 gxf6 21. Nf5 Bg6 22. Qd2 Ng5 23. Nxg5 fxg5 24. Nd4 Bg7 25. e3 Qb6 26. Nf5 Rad8 27. Nxg7 Kxg7 28. Rfd1 Be4 29. Qd4+ Qxd4 30. Rxd4 Re7 31. Bg2 Bxg2 32. Kxg2 f5 33. Rcd1 Red7 34. g4 fxg4 35. Rxg4 Kf6 36. Rgd4 Ke6 37. h4 gxh4 38. Rxh4 Rg8+ 39. Kf1 Rg5 40. Ke2 h5 41. Rdh1 Rh7 42. a4 b5 43. a5 Rc7 44. Rxh5 Rxh5 45. Rxh5 Rc2+ 46. Kf3 Rb2 47. Rh6+ Ke5 48. Rxa6 Rxb3 49. Rb6 d4 50. a6 dxe3 51. fxe3 b4 52. Rb5+ 1-0